书目信息 |
| 题名: |
《教师法》学习手册
|
|
| 作者: | ;人民教育编辑部 , 中国高等教育编辑部 编 | |
| 分册: | ||
| 出版信息: | 北京 红旗出版社 1993.12 |
|
| 页数: | 119页 | |
| 开本: | 19cm | |
| 丛书名: | ||
| 单 册: | ||
| 中图分类: | D922.164 | |
| 科图分类: | 38.21 | |
| 主题词: | 教师法--中国--学习参考资料 | |
| 电子资源: | ||
| ISBN: | 7-80068-701-5 | |
| 000 | 00870nam0 2200241 45 | |
| 001 | 0194032511 | |
| 005 | 20070722102144.50 | |
| 010 | @a7-80068-701-5@z7-80068-707-4@dCNY2.40 | |
| 100 | @a19940724d1993 em y0chiy0121 ea | |
| 101 | 0 | @achi |
| 102 | @aCN@b110000 | |
| 105 | @ay nz 000yy | |
| 200 | 12 | @a《教师法》学习手册@A《 JIAO SHI FA 》 XUE XI SHOU CE@f《人民教育》编辑部,《中国高等教育》编辑部编@F《 REN MIN JIAO YU 》 BIAN JI BU ,《 ZHONG GUO GAO DENG JIAO YU 》 BIAN JI BU BIAN |
| 210 | @a北京@c红旗出版社@d1993.12 | |
| 215 | @a119页@d19cm | |
| 540 | 1 | @a手册@ASHOU CE |
| 606 | @a教师法@y中国@x学习参考资料 | |
| 690 | @aD922.164@v三版 | |
| 692 | @a38.21 | |
| 711 | 02 | @a人民教育编辑部@AREN MIN JIAO YU BIAN JI BU@4编 |
| 711 | 02 | @a中国高等教育编辑部@AZHONG GUO GAO DENG JIAO YU BIAN JI BU@4编 |
| 801 | 0 | @aCN@bTSSF@c20070722 |
| 905 | @a10447@dD922.164@e664 | |
| 《教师法》学习手册/《人民教育》编辑部,《中国高等教育》编辑部编.-北京:红旗出版社,1993.12 |
| 119页;19cm |
| ISBN 7-80068-701-5:CNY2.40 |
| ● |
| 相关链接 |
|
|
|
|
正题名:《教师法》学习手册
索取号:D922.164/664
 
预约/预借
| 序号 | 登录号 | 条形码 | 馆藏地/架位号 | 状态 | 备注 |
| 1 | 0766891 | 207668914 | 第一样本阅览室/ [索取号:D922.164/664] | 在馆 | |
| 2 | 0767559 | 207675595 | 密集书库/ [索取号:D922.164/664] | 在馆 |